| 000 | 01147nam a2200313 a 4500 | ||
|---|---|---|---|
| 003 | OSt | ||
| 005 | 20210818181615.0 | ||
| 008 | 100223s2003 sp a cr 0011j spa d | ||
| 020 | _z8431672269 | ||
| 040 | _bspa | ||
| 041 | _aspa | ||
| 082 | 0 | 4 |
_a823.91 _bL966v |
| 100 | 1 | _aLupton, Hugh. | |
| 245 | 1 | 3 |
_aLa voz de los sueños y otros cuentos prodigiosos / _cHugh Lupton ; ilustraciones Niamh Sharkey ; traducción Mariana Orozco ; actividades Jesús Jiménez. |
| 260 | 3 |
_aBarcelona : _bVicens Vives, _c2003. |
|
| 300 |
_a79 páginas : _bilustraciones ; _c22 centímetros. |
||
| 490 |
_aCucaña _v24 |
||
| 500 | _aAl final incluye ejercicios de comprensión de lectura. | ||
| 534 | _tTales of Wisdom and Wonder | ||
| 650 | 6 |
_aSueños _v Cuentos juveniles. |
|
| 650 |
_aAnimales _v Cuentos juveniles. |
||
| 650 |
_aCiegos _v Cuentos juveniles. |
||
| 650 | _aCuentos juveniles ingleses. | ||
| 700 | 1 | _aJiménez, Jesús. | |
| 700 | 1 |
_aSharkey, Niamh, _eilustrador |
|
| 700 | 1 |
_aOrozco, Mariana, _etraductora |
|
| 942 |
_2ddc _h823.91 L966v _k823.91 _mL966v |
||
| 949 | _a | ||
| 999 |
_c11481 _d11481 |
||